Educación en tecnología 4 (Registro nro. 25162)

Detalles MARC
000 -CABECERA
Longitud fija campo de control 01240nam a2200205 a 4500
003 - • IDENTIFICADOR DELl NÚMERO DE CONTROL
Identificador del número de control CO-ViMGA
008 - • CÓDIGOS DE INFORMACIÓN DE LONGITUD FIJA
Códigos de información de longitud fija 141112s2004 ck r 000 u spa d
020 ## - • NÚMERO INTERNACIONAL NORMALIZADO PARA LIBROS
Número Internacional Normalizado para Libros (ISBN) 8448111583
040 ## - FUENTE DE LA CATALOGACIÓN
Centro catalogador de origen CO-ViMGA
Lengua de catalogación spa
Centro transcriptor CO-ViMGA
082 04 - • NÚMERO DE LA CLASIFICACIÓN DECIMAL DEWEY
Número de clasificación (R) 372.358 G653e
100 1# - • PUNTO DE ACCESO PRINCIPAL-NOMBRE DE PERSONA
Nombre de persona Vejo, Primo.
245 10 - • TITULO PROPIAMENTE DICHO
Título Educación en tecnología 4
300 ## - • DESCRIPCIÓN FÍSICA
Extensión 207 p.il.
505 ## - • NOTA DE CONTENIDO CON FORMATO
Nota de contenido con formato Estructuras y Rampas. Tornillo. elementos roscados. operaciones Engranajes - clasificación - aplicación - - Cepillo en madera - clases - recomendaciones - precauciones Electricidad - conceptos - elementos Sistema Axonometrico Madera - proceso de obtención - utilidades Seguridad e higiene en el puesto de trabajo Automatismo - motor - tipos - composición Esmerilado - máquinas Electrónica Perspectiva caballera - práctica Selección de personal - metodos Deforestación - efectos - lluvia ácida - efecto invernadero Torno - Paralelo - madera - partes Neumática - Sistema cónico - elementos - tipos Contratos laborales - derechos - deberes Seguridad industrial - señalización Educación en tecnología 4
650 14 - • PUNTO DE ACCESO ADICIONAL DE MATERIA - TÉRMINO DE MATERIA
Término de materia o nombre geográfico como elemento inicial educación EN TECNOLOGIA
650 14 - • PUNTO DE ACCESO ADICIONAL DE MATERIA - TÉRMINO DE MATERIA
Término de materia o nombre geográfico como elemento inicial TECNOLOGIA
942 ## - ENTRADA DE ELEMENTOS AGREGADOS (KOHA)
Fuente de clasificaión o esquema Dewey Decimal Classification
Koha [por defecto] tipo de item LIbro
Existencias
Perdido Fuente de clasificación o esquema Estado Físico No para préstamo Forma de adquisición Localización permanente Localización actual Fecha adquisición Serie de enumeración / cronolog&íacute;a Préstamos totales Signatura completa Código de barras Fecha última consulta Número de copia Fecha del precio de reemplazo Tipo de item de Koha
  Dewey Decimal Classification     Sala General Segundo Piso Biblioteca Pública Germán Arciniegas - Villavicencio Biblioteca Pública Germán Arciniegas - Villavicencio 12/04/2015 Volumen. 1 | 11/jun/2009   372.358 G653e 14575 - 1 12/04/2015 Ej. 1 12/04/2015 LIbro
  Dewey Decimal Classification     Sala General Segundo Piso Biblioteca Pública Germán Arciniegas - Villavicencio Biblioteca Pública Germán Arciniegas - Villavicencio 12/04/2015 Volumen. 2 | 15/nov/2013   372.358 G653e 14575 - 2 12/04/2015 Ej. 1 12/04/2015 LIbro
  Dewey Decimal Classification     Sala General Segundo Piso Biblioteca Pública Germán Arciniegas - Villavicencio Biblioteca Pública Germán Arciniegas - Villavicencio 12/04/2015 Volumen. 3 | 15/nov/2013   372.358 G653e 14575 - 3 12/04/2015 Ej. 1 12/04/2015 LIbro
  Dewey Decimal Classification     Sala General Segundo Piso Biblioteca Pública Germán Arciniegas - Villavicencio Biblioteca Pública Germán Arciniegas - Villavicencio 12/04/2015 Volumen. 4 | 15/nov/2013   372.358 G653e 14575 - 4 12/04/2015 Ej. 1 12/04/2015 LIbro









Instituto Departamental de Cultura del Meta - Red Departamental de Bibliotecas Públicas del Meta.